000 00571nam a22002177a 4500
003 UA-OsUOA
001 37548
007 ta
008 20060329b un ||||| |||| 00| 0 ukr d
100 _aБотанова К.
090 _a82
_bБ11
942 _cSA
040 _aUA-OsUOA
_bukr
_cUA-OsUOA
_dUA-OsUOA
245 _aУ пошуках іншого кольору
300 _aС.15-18
955 _a0
041 _aukr
080 _a82
773 0 _w37547
_tКритика
_dК.
_d2006
_g4
650 7 _a82 Література. Літературознавство
_2UDC
999 _c323726
_d323726